01006nam a2200253 a 450000100060000000300080000600500170001400800410003103500200007204000260009204100080011808200250012610000590015124500460021026000320025630000340028850000190032265000330034165000590037494200120043399900170044595201400046295201500060242203BD-RjUL20211209053516.0160611s1964 nyuc 001 0aeng d a(BD-RjUL) 42321 bengaBD-RjULcBD-RjUL aeng 223a327.73bMUD 19641 aMurphy, Robert D.q(Robert Daniel),d1894-1978912978810aDiplomat among warriors /cRobert Murphy. aNew York :bCollins,cc1964 a[6], 575 p. : bill ;c24 cm aIncludes index 0aDiplomatsxBiography9129789 0aForeign relationsy20th centuryzUnited States9129790 2ddccBK c42203d42203 00102ddc40708NFICaRUCLbRUCLcStackd1973-06-19eS. A. Akhandag7.50l0o327.73 MUD 1964r2016-06-11 00:00:00tC-2w2021-12-09yBK 00102ddc40708NFICaRUCLbRUCLcStackd1967-05-15eUniversity Ble. Agencyg33.75l0o327.73 MUD 1964r2016-06-11 00:00:00tC-3w2021-12-09yBK